Statystyki dla Firma na F, marka na literę F

Kliknij tutaj aby rozwiązać quiz!

Ogólne statystyki

  • Ten quiz został rozwiązany 33 razy
  • Średni wynik to 3 z 9

Statystyki odpowiedzi

Odpowiedź% Poprawnych
Fiat
68%
Ford
64%
Fila
44%
Fanta
32%
Facebook
24%
FIFA
24%
Finlandia
24%
FedEx
12%
Fox
4%

Rozkład punktacji

Percentyl według liczby udzielonych odpowiedzi

Procent ludzi z każdym wynikiem

Twoja historia wyników

Nie rozwiązałeś tego quizu